Deducción en ganancias de operaciones con monotributistas (Registro nro. 15475)

Detalles MARC
000 -LEADER
fixed length control field 00335 a2200109 4500
001 - CONTROL NUMBER
control field ART_19021
005 - DATE AND TIME OF LATEST TRANSACTION
control field 20260410161704.0
008 - FIXED-LENGTH DATA ELEMENTS--GENERAL INFORMATION
fixed length control field 260409a
100 1# - MAIN ENTRY--PERSONAL NAME
Personal name Colaneri, Horacio A.
245 10 - TITLE STATEMENT
Title Deducción en ganancias de operaciones con monotributistas
773 0# - HOST ITEM ENTRY
Title Revista Impuestos
Related parts - Nº 15 (ago. 2009)
Record control number REV639

No hay ítems disponibles.